| 000 | 00975nam a2200229Ia 4500 | ||
|---|---|---|---|
| 008 | 130821s2005 sp a gr spa | ||
| 020 | _a8497726685 | ||
| 040 |
_aCo-BoUCM _bspa |
||
| 041 | 0 | 0 | _aspa |
| 100 | 1 |
_aMorillas Fernández, David Lorenzo _9166543 |
|
| 245 | 1 | 0 |
_aAnálisis dogmático y criminológico de los delitos de pornografía infantil especial consideración de las modalidades comisivas relacionadas con Internet _cDavid Lorenzo Morillas Fernández. |
| 260 |
_aMadrid (España) _bDykinson _c2005 |
||
| 300 |
_a513 páginas _bgráficas |
||
| 490 | 0 |
_aMonografías de Derecho Penal / David Lorenzo Morillas Cueva _v5 |
|
| 504 | _aIncluye bibliografía e índice de cuestiones y general. | ||
| 650 | 0 | 4 |
_aAbuso del niño _98294 |
| 650 | 0 | 4 |
_aAbuso sexual de menores _98295 |
| 650 | 0 | 4 |
_aDelitos sexuales _xLegislación _912602 |
| 650 | 0 | 4 |
_aDerecho penal _912805 |
| 942 |
_cLIBRO _a8 _e1 _mM857a _2DEWEY _h345.02534 |
||
| 999 |
_c65694 _d65694 |
||